MDQL
is popping MORE tags! Check the
thread
!
Quizzes
Events
Quiz Creation
Community
Videos
Private Events
Remove Ads
Sign In
Join for FREE
Feedback
Dark Mode
Quiz Categories
Sports
Geography
Music
Movies
Television
Just For Fun
Miscellaneous
History
Literature
Language
Science
Gaming
Entertainment
Religion
Holiday
For Kids
Quiz Lab
Recent
Popular Today
Quiz Kudos Today
Editor Picks
Curator Picks
Quizzes by...
Day
Popularity
Type
Ratings
Length
Year
Community
Subscriptions
Recent Discussions
Orange Saloon
Badges
Playlists
Quests
Create
Leaderboards
Showdown
Live 5
Trivia Bingo
Activity
Puzzle Library
Sporcle Events
Private Events
Virtual Trivia
Globe League
Become a Host
Pub Owners
SporcleCon
Opinionation
Our Games
Videos
Blog
Mobile Apps
Partnerships
Remove Ads and Go Orange
Feedback
Just For Fun
Clickable
Get the Picture
Humor
Quick Pick
Word Ladder
Missing Word
Mixed Word
Blitz
Minefield
This or That
Alphabet
Color
Typing
Sporcle
Puzzle
Word Play
Follow That Line
Logic
Just For Fun
Clickable
Get the Picture
Humor
Quick Pick
Word Ladder
Missing Word
Mixed Word
Blitz
Minefield
This or That
Alphabet
Color
Typing
Sporcle
Puzzle
Word Play
Follow That Line
Logic
Random Quiz
Search Sporcle
×
Quiz Lab
Quiz Lab
Just For Fun
chao
Type in answers that appear in a list
Type in answers that appear in a list
Classic
Best Score? Go Orange.
Camp Woodstock Stats
Can you name the Camp Woodstock Chaos characters?
By
miniman003
2m
11 Questions
84 Plays
84 Plays
84 Plays
Comments
Comments
Give Quiz Kudos
Give Quiz Kudos
-
- Ratings
hide this ad
Replay
Link that replays current quiz
Next Quiz
Link to next quiz in quiz playlist
You Got
0%
They Got
Avg Score
62%
Avg Friend Score
Upgrade to see
Score Distribution
Jump to the score distribution portion of the page
Score
0/11
Timer
02:00
0
Plays Today
Points
Character
% Correct
1000
Reaper
100%
???
Gemini Twins
82.1%
100
Faceless
70.2%
900
Windigo
67.9%
700
Stormbringer
66.7%
200
Unseen
63.1%
300
Karate Killer
60.7%
600
Mioto
47.6%
???
Stealth Assassin
45.2%
550
Banchee
44%
900
Moromichi
40.5%
Quiz Playlist
Details
Report
Send in Message
Add To Playlist
Classic:
Type in answers that appear in a list
Last Updated: Feb 16, 2017
Quiz Scoreboard
CHALLENGE
Sign Up to Join the Scoreboard
Show All
Scores
Hide
Comments
May contain spoilers
Recently Published
Find the 'City' Movie
by crazypaving
Movies
60s
5x2 Blitz: Bands
by SL_Kpop136
Music
30s
Colored Red Africa Blitz
by spor1
Geography
30s
More to Explore
Quiz From the Vault
Featured Blog Post
14 Easter Pick-up Lines to Find Eggs With
hide this ad
You Might Also Like...
Tags
camp
chao
Character
point
Woodstock
Today's Top Quizzes in Just For Fun
Browse Just For Fun
hide this ad
Top Contributed Quizzes in Just For Fun
1
Avatar the Last Airbender: Logic Puzzle
2
Name Just One - 10 to 1: Just For Fun
3
Missing Word: 2-Letter A-Z II
4
Missing Letter Whitney Houston Songs
5
Survivor Winners Logic Puzzle
6
Shadowhunters Protagonists Logic Quiz
7
Quick 5-Color Logic (18)
8
Medium Renzoku Puzzle 11
9
It's Magic / Witchcraft 🎩🪄🧙♀️
10
Killer Double Trees 224 - Colour Match-Up
Explore More
Trending Topics
Marvel
Harry Potter
NBA
Disney
Kpop
Anime
Crossword
NFL
Puzzle
Soccer
Song
WWE
The Office
Pokémon
Country
hide this ad
More By:
miniman003
Quiz
Plays
Rating
Category
Featured
Created
Camp Woodstock
84
Just For Fun
Jul 30, 2011
Camp Woodstock
19
Just For Fun
Jul 29, 2011
Go to Creator's Profile
Score Distribution
Quiz Creator Spotlight
miniman003
Follow
Send a Message
Quizzes Created
-
Created Quiz Play Count
-
More By This Creator
Popular Quizzes Today
1
Colored Red Africa Blitz
2
Find the 'City' Movie
3
Find the US States - No Outlines Minefield
4
5x2 Blitz: Bands
5
The Countries of the World
6
Find the US States
7
Find the Countries of Europe - No Outlines Minefield
8
US States
More Just For Fun Quizzes
Bridges (Large) - 82
Quiz Lab
Trending Quizzes
Colored Red Europe Blitz I
Colored Red Africa Blitz II
Colored Red Europe Blitz II
Colored Red Africa Blitz III
Colored Red Europe Blitz III
Recently Updated
How Do You Spell That?
pecheneg
Godzilla Movies
pecheneg
Grab Bag: 4-10 Letters
pecheneg
2024 March Madness Bracket
pecheneg
Famous TV Couples
Peacemaker
Champions League XIs: Real Madrid
pecheneg
Largest US Cities 1790-2010
pecheneg
Rides in Walt Disney World
pecheneg
Most Oscar Losses (Acting)
pecheneg
Beyoncé Albums
pecheneg
Trending Topics
Anime
Disney
NBA
Crossword
Kpop
Harry Potter
Marvel
Song
WWE
The Office
Puzzle
Country
Soccer
NFL
Pokémon
Your Account Isn't Verified!
In order to create a playlist on Sporcle, you need to verify the email address you used during registration. Go to your
Sporcle Settings
to finish the process.
Report this User
Report this user for behavior that violates our
Community Guidelines
.
Details:
Send Report
Go to the Sporcle.com Mobile Site →
Comments